<?xml version="1.0" encoding="UTF-8"?>
<record
    xmlns:xsi="http://www.w3.org/2001/XMLSchema-instance"
    xsi:schemaLocation="http://www.loc.gov/MARC21/slim http://www.loc.gov/standards/marcxml/schema/MARC21slim.xsd"
    xmlns="http://www.loc.gov/MARC21/slim">

  <leader>02443nam a2200349 i 4500</leader>
  <controlfield tag="003">DO-SdBNP</controlfield>
  <controlfield tag="005">20231114070035.0</controlfield>
  <controlfield tag="007">ta</controlfield>
  <controlfield tag="008">150209s2008    dr acb d      000 0 spa d</controlfield>
  <datafield tag="020" ind1=" " ind2=" ">
    <subfield code="a">9945170120</subfield>
  </datafield>
  <datafield tag="040" ind1=" " ind2=" ">
    <subfield code="a">DO-SdBNP</subfield>
    <subfield code="b">spa</subfield>
    <subfield code="c">BNPHU</subfield>
    <subfield code="e">rda</subfield>
  </datafield>
  <datafield tag="082" ind1=" " ind2=" ">
    <subfield code="2">22</subfield>
    <subfield code="b">H116</subfield>
  </datafield>
  <datafield tag="245" ind1="0" ind2="0">
    <subfield code="a">Hablamos de Dios. :</subfield>
    <subfield code="b">4to. de educaci&#xF3;n media /</subfield>
    <subfield code="c">ilustraciones Sofia Balzola, Alfonso Ruano, C&#xE9;sar Escolar, Olga P&#xE9;rez : mapas y graf&#xED;cos Jacinto Rodr&#xED;guez </subfield>
  </datafield>
  <datafield tag="264" ind1=" " ind2="1">
    <subfield code="a">Santo Domingo :</subfield>
    <subfield code="b">SM,</subfield>
    <subfield code="c">2008.</subfield>
  </datafield>
  <datafield tag="300" ind1=" " ind2=" ">
    <subfield code="a">127 p&#xE1;ginas</subfield>
    <subfield code="b">ilustraciones, retratos, mapas</subfield>
    <subfield code="c">28 cm.</subfield>
  </datafield>
  <datafield tag="336" ind1=" " ind2=" ">
    <subfield code="2">rdacontent</subfield>
    <subfield code="a">texto</subfield>
    <subfield code="b">txt</subfield>
  </datafield>
  <datafield tag="337" ind1=" " ind2=" ">
    <subfield code="2">rdamedia</subfield>
    <subfield code="a">sin mediaci&#xF3;n</subfield>
    <subfield code="b">n</subfield>
  </datafield>
  <datafield tag="338" ind1=" " ind2=" ">
    <subfield code="2">rdacarrier</subfield>
    <subfield code="a">volumen</subfield>
    <subfield code="b">nc</subfield>
  </datafield>
  <datafield tag="490" ind1="1" ind2=" ">
    <subfield code="a">Educaci&#xF3;n en valores</subfield>
  </datafield>
  <datafield tag="500" ind1=" " ind2=" ">
    <subfield code="a">Educaci&#xF3;n media. </subfield>
  </datafield>
  <datafield tag="500" ind1=" " ind2=" ">
    <subfield code="a">Formaci&#xF3;n integral humana y religiosa. </subfield>
  </datafield>
  <datafield tag="505" ind1=" " ind2=" ">
    <subfield code="g">Unidad 1: Decidir para encontrar la felicidad :</subfield>
    <subfield code="t">&#xBF;C&#xF3;mo decidimos? --</subfield>
    <subfield code="t">Los valores y la felicidad --</subfield>
    <subfield code="t">Las normas y las leyes. La conciencia --</subfield>
    <subfield code="t">Valores fundamentales de la moral cristiana --</subfield>
    <subfield code="g">Unidad 2: Responsables ante la vida :</subfield>
    <subfield code="t">Un proyecto de vida --</subfield>
    <subfield code="t">Afectividad y sexualidad --</subfield>
    <subfield code="t">Visi&#xF3;n cristiana sobre la vida humana --</subfield>
    <subfield code="t">algunos problemas de la defensa de la vida --</subfield>
    <subfield code="g">Unidad 3: El matrimonio, opci&#xF3;n de vida cristiana :</subfield>
    <subfield code="t">Decidir responsablemente --</subfield>
    <subfield code="t">El matrimonio --</subfield>
    <subfield code="t">La familia --</subfield>
    <subfield code="g">Unidad 4: La sociedad en que vivimos :</subfield>
    <subfield code="t">El sistema econ&#xF3;mico capitalista --</subfield>
    <subfield code="t">La ciencia y la t&#xE9;cnica --</subfield>
    <subfield code="t">La mentalidad actual --</subfield>
    <subfield code="t">C&#xF3;mo vivir la fe en esta sociedad --</subfield>
    <subfield code="g">Unidad 5: Responsables ante la sociedad :</subfield>
    <subfield code="t">Problemas de la sociedad actual --</subfield>
    <subfield code="t">La respuesta de la religiones --</subfield>
    <subfield code="t">Ver, juzgar, actuar --</subfield>
    <subfield code="g">Unidad 6: La novedad de Jes&#xFA;s :</subfield>
    <subfield code="t">Una promesa que genera esperanza --</subfield>
    <subfield code="t">Mar&#xED;a y Jes&#xFA;s --</subfield>
    <subfield code="t">Los comienzos --</subfield>
    <subfield code="t">El primer anuncio --</subfield>
    <subfield code="g">Unidad 7: Jes&#xFA;s vida y mensaje :</subfield>
    <subfield code="t">No act&#xFA;a como los dem&#xE1;s --</subfield>
    <subfield code="t">No habla como los dem&#xE1;s --</subfield>
    <subfield code="t">Muere para vivir --</subfield>
    <subfield code="t">Sigue presente --</subfield>
    <subfield code="g">Unidad 8: La vida cristiana :</subfield>
    <subfield code="t">Vivir desde la profundidad --</subfield>
    <subfield code="t">Vivir en comunidad --</subfield>
    <subfield code="t">Vivir en el mundo --</subfield>
    <subfield code="t">Anexo: La biblia, un libro sagrado /</subfield>
  </datafield>
  <datafield tag="521" ind1=" " ind2=" ">
    <subfield code="a">Estudiantes de secundaria. </subfield>
  </datafield>
  <datafield tag="590" ind1=" " ind2=" ">
    <subfield code="a">Inventariado, 2023/ YL</subfield>
  </datafield>
  <datafield tag="700" ind1="1" ind2=" ">
    <subfield code="a">Balzola, Sof&#xED;a</subfield>
    <subfield code="e">ilustraciones</subfield>
    <subfield code="9">84632</subfield>
  </datafield>
  <datafield tag="700" ind1="1" ind2=" ">
    <subfield code="a">Ruano, Alfonso</subfield>
    <subfield code="e">ilustraciones</subfield>
    <subfield code="9">23117</subfield>
  </datafield>
  <datafield tag="700" ind1="1" ind2=" ">
    <subfield code="a">Escolar, C&#xE9;sar</subfield>
    <subfield code="e">ilustraciones</subfield>
    <subfield code="9">84634</subfield>
  </datafield>
  <datafield tag="700" ind1="1" ind2=" ">
    <subfield code="a">P&#xE9;rez, Olga</subfield>
    <subfield code="e">ilustraciones</subfield>
    <subfield code="9">56467</subfield>
  </datafield>
  <datafield tag="700" ind1="1" ind2=" ">
    <subfield code="a">Rodr&#xED;guez, Jacinto</subfield>
    <subfield code="e">mapas y gr&#xE1;ficos</subfield>
    <subfield code="9">84635</subfield>
  </datafield>
  <datafield tag="910" ind1=" " ind2=" ">
    <subfield code="a">YLockward</subfield>
  </datafield>
  <datafield tag="942" ind1=" " ind2=" ">
    <subfield code="2">ddc</subfield>
    <subfield code="c">LBS1</subfield>
  </datafield>
  <datafield tag="952" ind1=" " ind2=" ">
    <subfield code="0">0</subfield>
    <subfield code="1">0</subfield>
    <subfield code="2">ddc</subfield>
    <subfield code="5">1</subfield>
    <subfield code="7">0</subfield>
    <subfield code="8">CIJ-PD</subfield>
    <subfield code="a">BNPHU</subfield>
    <subfield code="b">BNPHU</subfield>
    <subfield code="c">CT</subfield>
    <subfield code="d">2021-12-16</subfield>
    <subfield code="e">Colegio Nuestra Se&#xF1;ora de Lourdes</subfield>
    <subfield code="l">0</subfield>
    <subfield code="o">H116</subfield>
    <subfield code="p">2023-7790</subfield>
    <subfield code="r">2023-11-13</subfield>
    <subfield code="w">2023-11-13</subfield>
    <subfield code="y">LBS1</subfield>
  </datafield>
  <datafield tag="999" ind1=" " ind2=" ">
    <subfield code="c">55481</subfield>
    <subfield code="d">55481</subfield>
  </datafield>
</record>
